Erotikon logon syngrapheis = (Record no. 53324)

MARC details
000 -LEADER
campo de control de longitud fija 01168nam a2200253 i 4500
001 - NÚMERO DE CONTROL
campo de control 53324
003 - IDENTIFICADOR DE NÚMERO DE CONTROL
campo de control ES-MaACL
005 - FECHA Y HORA DE LA ÚLTIMA TRANSACCIÓN
campo de control 20230906162739.0
007 - CAMPO FIJO DE DESCRIPCIÓN FÍSICA--INFORMACIÓN GENERAL
campo de control de longitud fija t|
008 - DATOS DE LONGITUD FIJA--INFORMACIÓN GENERAL
campo de control de longitud fija 031020s1856 fr |||| | fre d
245 00 - MENCIÓN DEL TÍTULO
Título Erotikon logon syngrapheis =
Resto del título Erotici scriptores /
Mención de responsabilidad, etc. Parthenius, Achilles Tatius, Longus, Xenophon Ephesius, Heliodorus, Chariton Aphrodisiensis, Antonius Diogenes, Iamblichus ex nova recensione Guillelmi Adriani Hirschig : Eumathius ex recensione Philippi Le Bas : Apollonii Tyrii Historia ex cod. Paris. edita a J. Lapaume : Nicetas Eugenianus ex nova recensione Boissonadii : Graece et Latine cum indice historico.
246 31 - FORMA VARIANTE DEL TITULO
Título propio/Titulo breve Erotici scriptores
260 ## - PUBLICACIÓN, DISTRIBUCIÓN, ETC.
Lugar de publicación, distribución, etc. Parisiis :
Nombre del editor, distribuidor, etc. Firmin Didot,
Fecha de publicación, distribución, etc. 1856.
300 ## - DESCRIPCIÓN FÍSICA
Extensión XXXIV, 644, 69 p. ;
Dimensiones 25 cm.
490 1# - MENCIÓN DE SERIE
Mención de serie Scriptorum graecorum bibliotheca ;
Designación de volumen o secuencia 51
546 ## - NOTA DE IDIOMA
Nota de lengua/lenguaje Texto paralelo en griego y latín.
597 ## - NOTA DE DESCRIPCIÓN FÍSICA
NOTA DE DESCRIPCIÓN FÍSICA Texto a 2 col.
650 #4 - PUNTO DE ACCESO ADICIONAL DE MATERIA--TÉRMINO DE MATERIA
Término de materia o nombre geográfico como elemento de entrada Literatura erótica griega.
9 (RLIN) 163120
700 1# - ENTRADA AGREGADA--NOMBRE PERSONAL
Nombre de persona Hirschig, Guillaume Adrien.
9 (RLIN) 63814
700 0# - ENTRADA AGREGADA--NOMBRE PERSONAL
Nombre de persona Partenio de Nicea.
9 (RLIN) 89291
830 1# - PUNTO DE ACCESO ADICIONAL DE SERIE-TÍTULO UNIFORME
Título uniforme Scriptorum graecorum bibliotheca ;
Designación de volumen o secuencia 51
9 (RLIN) 182435
852 ## - LOCALIZACIÓN
Ubicación ES-MaACL
Número de control de estantería B-2471
Holdings
Estatus retirado Estado de pérdida Estado de daño No para préstamo Colección Biblioteca de origen Biblioteca actual Ubicación en estantería Fecha de adquisición Fuente de adquisición Total de préstamos Signatura topográfica completa Código de barras Visto por última vez Precio de reemplazo Tipo de ítem Koha
        Libros del s. XIX Biblioteca del Ateneo de Madrid Biblioteca del Ateneo de Madrid Sala Pardo Bazán 17/01/2008     B-2471 1056029 23/02/2023 23/02/2023 Libro impreso antiguo